[Event "Campos Migjorn op"]
[Site "Campos"]
[Date "2016.09.09"]
[Round "1"]
[White "Ballester Mas, Antonio"]
[Black "Bonet Manresa, Joan Miquel"]
[Result "0-1"]
[WhiteElo "1683"]
[BlackElo "1222"]
[PlyCount "58"]
[EventDate "2016.09.09"]
[EventType "swiss"]
[EventRounds "8"]
[EventCountry "ESP"]
[SourceTitle "EXT 2017"]
[Source "ChessBase"]
[SourceDate "2016.10.25"]
[SourceVersion "1"]
[SourceVersionDate "2016.10.25"]
[SourceQuality "1"]

1. c4 Nf6 2. d4 g6 3. Nc3 Bg7 4. e4 d6 5. Be2 0-0 6. Nf3 Nbd7 7. 0-0 e5 8. Bg5 h6 9. Bd2 exd4 10. Nxd4 Nc5 11. f3 Ne6 12. Be3 Nh7 13. Qd2 Nxd4 14. Bxd4 Bxd4+ 15. Qxd4 Qf6 16. Qe3 h5 17. Rad1 Re8 18. Nb5 Qxb2 19. Nxc7 Be6 20. Nxe8 Rxe8 21. Rd2 Qb4 22. Rfd1 Rd8 23. Qd4 b6 24. e5 Nf8 25. exd6 Nd7 26. Kf1 Rc8 27. Rb2 Qc5 28. Rc2 Ne5 29. Rdc1 Qxd4 0-1

[Event "Mallorca-chC"]
[Site "Palma de Mallorca"]
[Date "2011.11.26"]
[Round "6"]
[White "Ensenat Calafell, Jose Luis"]
[Black "Ballester Mas, Antonio"]
[Result "1-0"]
[WhiteElo "1811"]
[BlackElo "1706"]
[PlyCount "99"]
[EventDate "2011.10.29"]
[EventType "swiss"]
[EventRounds "8"]
[EventCountry "ESP"]
[SourceTitle "EXT 2017"]
[Source "ChessBase"]
[SourceDate "2016.10.25"]
[SourceVersion "1"]
[SourceVersionDate "2016.10.25"]
[SourceQuality "1"]

1. e4 d6 2. d4 Nf6 3. Nc3 g6 4. Be3 Bg7 5. Qd2 0-0 6. f3 Nbd7 7. Bc4 a6 8. Nge2 b5 9. Bb3 c5 10. a3 Bb7 11. Bh6 c4 12. Ba2 Re8 13. h4 Nf8 14. Bxg7 Kxg7 15. g4 e5 16. d5 Bc8 17. h5 Ng8 18. Ng3 Qf6 19. Ke2 Qf4 20. Rag1 Ra7 21. hxg6 fxg6 22. Qxf4 exf4 23. Nf1 Rb7 24. Nd2 Nf6 25. Kf2 g5 26. Ne2 Rbe7 27. Nd4 h6 28. c3 Ng6 29. Bb1 Ne5 30. b3 cxb3 31. N2xb3 Bd7 32. Na5 Rc8 33. Rc1 Rc7 34. Nab3 Nc4 35. Nf5+ Bxf5 36. gxf5 Rc8 37. Nd4 Ng8 38. Ne6+ Kf6 39. Nd4 Ne5 40. Ne6 Nd7 41. Ke2 Nc5 42. Nd4 Kg7 43. f6+ Kxf6 44. Nf5 Rd7 45. Nxh6 Nxh6 46. Rxh6+ Kg7 47. Rch1 Rdd8 48. Rh7+ Kf6 49. R1h6+ Ke5 50. Re7+ 1-0